Educación cara al mundo
में बचाया:
| मुख्य लेखक: | |
|---|---|
| स्वरूप: | पुस्तक |
| भाषा: | स्पेनिश |
| प्रकाशित: |
Santiago
Ediciones Paulinas
1970
|
| विषय: | |
| टैग: |
टैग जोड़ें
कोई टैग नहीं, इस रिकॉर्ड को टैग करने वाले पहले व्यक्ति बनें!
|
MARC
| LEADER | 00000cam a2200000 a 4500 | ||
|---|---|---|---|
| 001 | UCG9185 | ||
| 003 | CL-VaPUC | ||
| 008 | 120127e19700000CL |||||||||||||||||spa|d | ||
| 082 | 0 | 4 | |a 377.1 |b ELL |2 21 |
| 100 | 0 | |a Ell, Ernst |e author |9 560650 | |
| 245 | 1 | 0 | |a Educación cara al mundo |
| 300 | |a 344 p | ||
| 942 | |c BK | ||
| 945 | |d 20120127 00:00:00 |a dcastane | ||
| 260 | |a Santiago |b Ediciones Paulinas |c 1970 | ||
| 650 | 7 | |a EDUCACION CRISTIANA |2 CL-VaPUC |9 308333 | |
| 650 | 0 | |a Sexualidad |9 358183 | |
| 650 | 0 | |a Moral |9 265913 | |
| 583 | |a last modification |c 20120127 09:50:00 |k Rodrigo Vera | ||
| 999 | |c 346752 |d 346750 | ||
| 952 | |0 0 |1 0 |4 0 |6 377_100000000000000_ELL_1970 |7 0 |8 P |9 447569 |a BIBEDU |b BIBEDU |c BIBEDU_PB |d 2019-11-22 |i 4838963 |o 377.1 ELL 1970 |p 4838963 |r 2024-01-25 |w 2019-11-22 |y BK |k EPE | ||